Quran: Visual persentation of the miracle (Record no. 57788)

MARC details
000 -LEADER
fixed length control field 00238nam a22001097a 4500
082 ## - DEWEY DECIMAL CLASSIFICATION NUMBER
Classification number RAS
100 ## - MAIN ENTRY--AUTHOR NAME
Personal name Rashid Khalifa
245 ## - TITLE STATEMENT
Title Quran: Visual persentation of the miracle
260 ## - PUBLICATION, DISTRIBUTION, ETC. (IMPRINT)
Place of publication Karachi
Name of publisher Tath pub
300 ## - PHYSICAL DESCRIPTION
Number of Pages 247
942 ## - ADDED ENTRY ELEMENTS (KOHA)
Koha item type Books
Holdings
Withdrawn status Lost status Home library Current library Date acquired Full call number Accession Number Koha item type
    Central Library, QUEST, Nawabshah Central Library, QUEST, Nawabshah 31/07/2017 RAS D1904 Books